[Event "Titled Tue 20th May Early"]
[Site "chess.com INT"]
[Date "2025.05.20"]
[Round "1"]
[White "Khodzhamkuliev, Bahadur"]
[Black "Komov, Roman"]
[Result "1/2-1/2"]
[BlackTitle "FM"]
[WhiteElo "2093"]
[BlackElo "2239"]
[WhiteFideId "24135046"]
[BlackFideId "24175714"]
[EventDate "2025.05.20"]

1. Nf3 d5 2. c4 e6 3. cxd5 exd5 4. g3 Nf6 5. Bg2 Be7 6. d3 O-O 7. Nc3 Re8 8. O-O
c6 9. Bg5 Bf5 10. Nd2 Na6 11. e4 dxe4 12. dxe4 Nxe4 13. Ndxe4 Bxg5 14. Nd6 Bc2
15. Nxb7 Bxd1 16. Nxd8 Raxd8 17. Raxd1 c5 18. Bc6 Rf8 19. Nd5 Rd6 20. h4 Bd8 21.
Bb5 g6 22. Bc4 Kg7 23. Ne3 Rc6 24. Rd7 Bf6 25. Rxa7 Nc7 26. Nd5 Nxd5 27. Bxd5
Rd6 28. Bc4 Bxb2 29. Re1 Rd4 30. Bf1 Rd2 31. Re2 Rxe2 32. Bxe2 Bd4 33. Bc4 h6
34. Kg2 g5 35. h5 Kf6 36. g4 Ke5 37. Rxf7 Rxf7 38. Bxf7 Bc3 39. f3 Kd4 40. Kf1
c4 41. Ke2 Ba5 42. Kd1 Kd3 43. Bg6+ Ke3 44. Be4 Kd4 45. Kc2 Bc7 46. a4 Ba5 47.
Bc6 Kc5 48. Ba8 Kd4 49. Bb7 Bb6 50. Ba8 Ba5 51. Bb7 Bb6 52. Ba8 Ba5 1/2-1/2

[Event "Titled Tue 20th May Early"]
[Site "chess.com INT"]
[Date "2025.05.20"]
[Round "1"]
[White "Zozek Salah Mohammed"]
[Black "Cori Quispe, Kevin Joel"]
[Result "1-0"]
[WhiteTitle "FM"]
[BlackTitle "GM"]
[WhiteElo "2205"]
[BlackElo "2464"]
[WhiteFideId "4803361"]
[BlackFideId "3814017"]
[EventDate "2025.05.20"]

1. d3 g6 2. Nf3 Bg7 3. g3 d5 4. Bg2 e5 5. O-O Ne7 6. e4 O-O 7. Nbd2 Nbc6 8. Re1
d4 9. a4 a5 10. Nc4 f6 11. c3 Be6 12. cxd4 Nxd4 13. Nxd4 Qxd4 14. Be3 Qd7 15.
Qc2 Nc6 16. Red1 Rfd8 17. Bf1 Nd4 18. Qc3 Nf3+ 19. Kh1 b6 20. Nd2 Nd4 21. Bxd4
exd4 22. Qc2 c5 23. b3 Rf8 24. Nc4 Rab8 25. Bg2 Bh6 26. Re1 Kh8 27. f4 f5 28. e5
g5 29. fxg5 Bxg5 30. Qe2 Bxc4 31. bxc4 Be3 32. Bd5 Qg7 33. e6 Rf6 34. Qf3 Rbf8
35. Rab1 Qc7 36. Rb2 Rh6 37. Reb1 Rg8 38. Kg2 f4 39. g4 Rh4 40. h3 Rb8 41. Qe4
Rh6 42. e7 Re8 43. Kf3 Rxe7 44. Qf5 Rxh3+ 45. Kg2 Rg3+ 46. Kf1 Qd8 47. Rxb6 1-0

[Event "Titled Tue 20th May Early"]
[Site "chess.com INT"]
[Date "2025.05.20"]
[Round "1"]
[White "Demchenko, Anton"]
[Black "Arencibia Monduy, Antonio"]
[Result "1-0"]
[WhiteTitle "GM"]
[BlackTitle "CM"]
[WhiteElo "2619"]
[BlackElo "2115"]
[WhiteFideId "4160258"]
[BlackFideId "3507939"]
[EventDate "2025.05.20"]

1. e4 e6 2. d3 d5 3. Nd2 c5 4. g3 Nc6 5. Bg2 Nf6 6. Ngf3 dxe4 7. dxe4 e5 8. O-O
Qc7 9. Nc4 Bg4 10. c3 Be7 11. Ne3 Rd8 12. Qc2 Bxf3 13. Bxf3 O-O 14. Bd2 Rfe8 15.
Be2 a6 16. Rfd1 b5 17. b3 Bf8 18. a4 Qb7 19. axb5 axb5 20. Bf3 b4 21. Nd5 bxc3
22. Nxf6+ gxf6 23. Bxc3 Nd4 24. Bxd4 Rxd4 25. Re1 Red8 26. Re2 Rd3 27. Bh5 R8d7
28. Rb1 Qb4 29. Bg4 R7d4 30. Bf5 Rd2 31. Rxd2 Rxd2 32. Qc4 Qxc4 33. bxc4 Rd4 34.
Rc1 Be7 35. h4 h6 36. Kf1 Bd8 37. Ke2 Ba5 38. Rc2 Bb4 39. f3 Kf8 40. Bc8 Ke7 41.
Bb7 Rd8 42. Ra2 Rd7 43. Bd5 Kf8 44. f4 exf4 45. gxf4 Kg7 46. Kf3 Re7 47. Kg4 Rc7
48. Kh5 Bc3 49. Rg2+ Kf8 50. Kxh6 Ra7 51. Kh5 Ra1 52. Kg4 Rf1 53. Rh2 Bd2 54.
Rxd2 Rg1+ 55. Kf5 Rg2 56. Rxg2 1-0

[Event "Titled Tue 20th May Early"]
[Site "chess.com INT"]
[Date "2025.05.20"]
[Round "1"]
[White "Aradhya, Garg"]
[Black "Kao, Jamison Edrich"]
[Result "1-0"]
[WhiteTitle "IM"]
[BlackTitle "CM"]
[WhiteElo "2383"]
[BlackElo "2018"]
[WhiteFideId "25006746"]
[BlackFideId "6007937"]
[EventDate "2025.05.20"]

1. d4 Nf6 2. Nf3 g6 3. g3 Bg7 4. Bg2 O-O 5. O-O d6 6. Re1 c5 7. c3 cxd4 8. cxd4
d5 9. Ne5 Nc6 10. Nc3 Bf5 11. Nxc6 bxc6 12. Bf4 Nh5 13. Be3 e5 14. Rc1 Qd7 15.
dxe5 Bxe5 16. Bd4 Bxd4 17. Qxd4 Ng7 18. e4 dxe4 19. Qxd7 Bxd7 20. Nxe4 Be6 21.
b3 Rac8 22. Nf6+ Kh8 23. Bxc6 Nf5 24. Bd5 Nd4 25. Kg2 Kg7 26. Bxe6 Rxc1 27. Rxc1
Nxe6 28. Ne4 Rd8 29. Rc4 Rd5 30. h4 h5 31. Kf1 f5 32. Ng5 Nxg5 33. hxg5 Ra5 34.
a4 Kf7 35. Rc7+ Ke6 36. Rg7 Ke5 37. Rxg6 f4 38. Rf6 fxg3 39. fxg3 Ke4 40. g6 Rg5
41. Kf2 Ke5 42. Ra6 Kd4 43. Rxa7 Rxg6 44. Rb7 Kc3 45. a5 Rh6 46. b4 Kc4 47. b5
Kc5 48. a6 Rh8 49. a7 Ra8 50. b6 Kc6 51. Rb8 1-0

[Event "Titled Tue 20th May Early"]
[Site "chess.com INT"]
[Date "2025.05.20"]
[Round "1"]
[White "Lyutsinger, Iren"]
[Black "Hayrapetyan, Edgar"]
[Result "0-1"]
[WhiteTitle "FM"]
[BlackTitle "FM"]
[WhiteElo "2266"]
[BlackElo "2161"]
[WhiteFideId "34425969"]
[BlackFideId "13313568"]
[EventDate "2025.05.20"]

1. e4 e6 2. d4 d5 3. Nc3 Bb4 4. e5 c5 5. a3 Bxc3+ 6. bxc3 Ne7 7. Qg4 cxd4 8. Bd3
Qc7 9. Ne2 dxc3 10. Qxg7 Rg8 11. Qxh7 Qxe5 12. Bf4 Qh8 13. Qxh8 Rxh8 14. Be5 Rg8
15. h4 Nbc6 16. Bxc3 e5 17. f4 e4 18. Bb5 Bf5 19. h5 O-O-O 20. h6 Bh7 21. Bf6
Rd6 22. Bxe7 Nxe7 23. Kf2 d4 24. Rad1 Nf5 25. Rh5 Rdg6 26. Rg5 Rxg5 27. fxg5
Rxg5 28. Nxd4 Nxh6 29. Be2 Bg6 30. Rh1 Nf5 31. Nxf5 Rxf5+ 32. Ke3 Rc5 33. c4 Rg5
34. g4 Ra5 35. Ra1 Kc7 36. Kd4 b6 37. Bf1 Rg5 38. Be2 Kd6 39. Rf1 Ke6 40. Rc1
Ra5 41. Rc3 Rc5 42. Bf1 Rc7 43. Bg2 Rd7+ 44. Ke3 Kf6 45. Kf4 Rd3 46. Rxd3 exd3
47. Bh3 d2 48. g5+ Ke7 49. Bg4 Bc2 50. Ke5 d1=Q 51. Bxd1 Bxd1 52. c5 bxc5 53.
Kd5 Be2 54. Kxc5 Ke6 55. a4 Kf5 56. a5 Kxg5 0-1

[Event "Titled Tue 20th May Early"]
[Site "chess.com INT"]
[Date "2025.05.20"]
[Round "1"]
[White "Jaiveer, Mahendru"]
[Black "Emeliantsev, Anatoliy"]
[Result "1-0"]
[WhiteTitle "FM"]
[BlackTitle "FM"]
[WhiteElo "2230"]
[BlackElo "2359"]
[WhiteFideId "25611151"]
[BlackFideId "4160681"]
[EventDate "2025.05.20"]

1. d4 Nf6 2. c4 g6 3. Nc3 Bg7 4. e4 O-O 5. Nf3 d6 6. Be2 e5 7. O-O Nc6 8. d5 Ne7
9. b4 Nh5 10. c5 Nf4 11. Bc4 Bg4 12. h3 Bxf3 13. Qxf3 f5 14. g3 fxe4 15. Qxe4
Nh5 16. Bg5 Qd7 17. Kg2 h6 18. c6 Qe8 19. cxb7 Rb8 20. Bxe7 Qxe7 21. Qxg6 Nf6
22. Ba6 Kh8 23. Rae1 Rg8 24. Qf5 Nh7 25. f4 Rbf8 26. Qe6 Qd8 27. fxe5 dxe5 28.
Rxf8 Rxf8 29. Ne4 Ng5 30. Nxg5 Qxg5 31. Rf1 Qd2+ 32. Kh1 Rd8 33. Qc8 Qxd5+ 34.
Kg1 Qd4+ 35. Rf2 Qd1+ 36. Kh2 Qd4 37. Rg2 e4 38. b8=Q Rxc8 39. Qxc8+ Kh7 40.
Qf5+ Kh8 41. Bc8 Be5 42. Be6 1-0

[Event "Titled Tue 20th May Early"]
[Site "chess.com INT"]
[Date "2025.05.20"]
[Round "1"]
[White "Yevchenko, Oleksandr"]
[Black "Amangeldy, Ernur"]
[Result "0-1"]
[WhiteTitle "CM"]
[BlackTitle "FM"]
[WhiteElo "2276"]
[BlackElo "2231"]
[WhiteFideId "14108267"]
[BlackFideId "13720244"]
[EventDate "2025.05.20"]

1. c4 g6 2. Nc3 Bg7 3. d4 d6 4. e4 Nf6 5. h3 O-O 6. Be3 Nc6 7. d5 Ne5 8. f4 Ned7
9. g4 c6 10. Bg2 Qa5 11. Ne2 Qb4 12. Qb3 Qa5 13. O-O Nb6 14. e5 dxe5 15. fxe5
Nfd7 16. e6 fxe6 17. dxc6 bxc6 18. Bxc6 Rb8 19. Nb5 Na4 20. Rxf8+ Kxf8 21. Rf1+
Kg8 22. Bf4 Qb6+ 23. Qe3 Qxc6 24. Bxb8 Nxb8 25. Qxa7 Nd7 26. Nbd4 Qe4 27. Qxa4
Bb7 28. Nf3 Qxe2 29. Qxd7 Bxf3 30. Rxf3 Qxf3 31. Qxe6+ Kh8 32. Qc8+ Bf8 33. c5
Qg3+ 34. Kf1 Qxh3+ 35. Ke2 Qg2+ 36. Kd3 Qd5+ 37. Kc3 Kg7 38. b4 e5 39. c6 Qd4+
40. Kb3 Qxb4+ 41. Kc2 Qc4+ 42. Kb2 Bb4 43. Qd7+ Kh6 44. c7 Qc3+ 45. Kb1 Ba3 0-1

[Event "Titled Tue 20th May Early"]
[Site "chess.com INT"]
[Date "2025.05.20"]
[Round "1"]
[White "Tahbaz, Arash"]
[Black "Napoli, Nicolo"]
[Result "1-0"]
[WhiteTitle "IM"]
[BlackTitle "FM"]
[WhiteElo "2462"]
[BlackElo "2245"]
[WhiteFideId "12528846"]
[BlackFideId "813702"]
[EventDate "2025.05.20"]

1. Nf3 d5 2. g3 Nf6 3. Bg2 c6 4. O-O Bg4 5. d3 e6 6. h3 Bxf3 7. Bxf3 Be7 8. Nd2
O-O 9. e4 Nbd7 10. Qe2 a5 11. e5 Ne8 12. Bg2 a4 13. a3 c5 14. c4 Nc7 15. Nb1 Nb8
16. Nc3 Nc6 17. f4 Nd4 18. Qf2 Qd7 19. Rb1 b5 20. cxd5 Nxd5 21. Nxd5 exd5 22. f5
Rfe8 23. Be3 Rac8 24. Rbe1 Bf8 25. Bxd4 cxd4 26. Re2 b4 27. axb4 Bxb4 28. Qf3
Bf8 29. e6 fxe6 30. fxe6 Qe7 31. Qxd5 Rc5 32. Qxd4 Qd6 33. Qxd6 Bxd6 34. d4 Rc7
35. Bd5 Rce7 36. Kg2 Rd8 37. Rf7 h6 38. Bc4 Bb4 39. Rxe7 Bxe7 40. d5 Rc8 41. Bb5
a3 42. bxa3 Rc5 43. Bc6 Kf8 44. a4 Ra5 45. Rf2+ Kg8 46. Rf7 Ra7 47. a5 1-0

[Event "Titled Tue 20th May Early"]
[Site "chess.com INT"]
[Date "2025.05.20"]
[Round "1"]
[White "Gutierrez Olivares, Daniel"]
[Black "Koshulyan, Egor A."]
[Result "1-0"]
[WhiteTitle "FM"]
[BlackTitle "FM"]
[WhiteElo "2354"]
[BlackElo "2235"]
[WhiteFideId "2264005"]
[BlackFideId "24237000"]
[EventDate "2025.05.20"]

1. Nf3 Nf6 2. g3 d5 3. c4 e6 4. Bg2 Be7 5. b3 O-O 6. O-O b6 7. Bb2 Bb7 8. d3 c5
9. e3 Nc6 10. Qe2 a6 11. Rd1 Qc7 12. Nbd2 Rad8 13. Rac1 Qb8 14. cxd5 exd5 15.
Nh4 Rfe8 16. Nf5 Ne5 17. d4 cxd4 18. Nxe7+ Rxe7 19. Bxd4 Qd6 20. Nb1 Ne4 21. Bb2
Qg6 22. Nc3 Nf6 23. Na4 Ne4 24. Bd4 Rd6 25. Rc2 h5 26. Rdc1 Bc6 27. Nxb6 Ree6
28. Nc8 Bb5 29. Qd1 Rd8 30. a4 Bd7 31. Nb6 h4 32. Nxd5 hxg3 33. hxg3 Nxg3 34.
Nf4 Qg5 35. Nxe6 Bxe6 36. Rc5 Bd5 37. Rxd5 Rxd5 38. f4 Rxd4 39. fxg5 Rxd1+ 40.
Rxd1 Ne2+ 41. Kf1 Nc3 42. Rd8+ Kh7 43. Ra8 Ng4 44. Rxa6 Nxe3+ 45. Kg1 Nc2 46.
Rb6 Nd4 47. a5 Nd5 48. Bxd5 1-0

[Event "Titled Tue 20th May Early"]
[Site "chess.com INT"]
[Date "2025.05.20"]
[Round "1"]
[White "Deichmann, Esteban Horacio"]
[Black "Tsapov, Igor"]
[Result "1/2-1/2"]
[BlackTitle "CM"]
[WhiteElo "2085"]
[BlackElo "2093"]
[WhiteFideId "167410"]
[BlackFideId "4179005"]
[EventDate "2025.05.20"]

1. e4 c5 2. c3 Nf6 3. e5 Nd5 4. d4 Nc6 5. f4 cxd4 6. cxd4 d6 7. Nc3 dxe5 8. fxe5
e6 9. Nf3 Bb4 10. Bd2 O-O 11. Bd3 g6 12. h4 Re8 13. h5 Bf8 14. hxg6 hxg6 15. Ne4
Bg7 16. a3 Nde7 17. Bg5 Nxd4 18. Nf6+ Kf8 19. Nxe8 Nxf3+ 20. Qxf3 Qa5+ 21. Kf1
Kxe8 22. Bf6 Bxf6 23. exf6 Nf5 24. Bxf5 Qxf5 25. Rh8+ Kd7 26. Rd1+ Kc7 27. Qxf5
exf5 28. Rf8 b6 29. Rxf7+ Kc6 30. Rf8 Ba6+ 31. Kf2 Rxf8 32. Rc1+ Kd6 33. Rh1 Ke6
34. Rh7 Rxf6 35. Rxa7 Bc4 36. Rc7 Kd6 37. Rb7 Kc6 38. Rb8 Bd5 39. b4 Re6 40. Rd8
Be4 41. g3 Kb5 42. Rd7 Ka4 43. Ra7+ Kb3 44. Ke3 Bb7+ 45. Kf4 Bc6 46. Kg5 Rd6 47.
Ra6 b5 48. Kh6 Kc4 49. Kg5 Kd4 50. a4 bxa4 51. b5 Kc5 52. bxc6 Rxc6 53. Rxa4 Kb5
54. Ra3 Rd6 55. Rc3 Kb4 56. Rc2 Kb3 57. Rc1 Kb4 58. Rb1+ Kc3 59. Rc1+ Kd4 60.
Rd1+ Ke5 61. Re1+ Kd5 62. Rd1+ Ke6 63. Re1+ Kf7 64. Ra1 Rd4 65. Ra7+ Kg8 66. Kf6
Rg4 67. Rg7+ Kh8 68. Rxg6 Rxg6+ 69. Kxg6 Kg8 70. Kxf5 Kf7 71. Kg5 Kg7 72. g4 Kf8
73. Kf6 Kg8 74. Kg6 Kh8 75. Kf7 Kh7 76. g5 Kh8 77. g6 1/2-1/2

[Event "Titled Tue 20th May Early"]
[Site "chess.com INT"]
[Date "2025.05.20"]
[Round "1"]
[White "Kollars, Dmitrij"]
[Black "Ternault, Mathieu"]
[Result "0-1"]
[WhiteTitle "GM"]
[BlackTitle "FM"]
[WhiteElo "2625"]
[BlackElo "2273"]
[WhiteFideId "12909572"]
[BlackFideId "20641532"]
[EventDate "2025.05.20"]

1. c4 b6 2. e4 e6 3. g3 Bb7 4. Bg2 h5 5. h3 c5 6. Ne2 Nc6 7. d4 cxd4 8. Nxd4
Bb4+ 9. Bd2 Bxd2+ 10. Qxd2 Nxd4 11. Qxd4 f6 12. Nc3 Ne7 13. Nb5 O-O 14. Nd6 Qc7
15. O-O-O Nc6 16. Qc3 Ne5 17. f4 Nf7 18. Nxb7 Qxb7 19. Kb1 Rac8 20. Qd4 Rfd8 21.
Bf3 Qc7 22. b3 h4 23. Rhg1 hxg3 24. Qe3 Qc5 25. Qxc5 Rxc5 26. Rxg3 Kf8 27. Rdg1
g5 28. Bh5 Nd6 29. Bf3 Nf7 30. Bh5 Nd6 31. e5 Nf5 32. Rd3 fxe5 33. fxg5 e4 34.
Rd2 d5 35. Bg4 Ke7 36. cxd5 Rcxd5 37. Rxd5 Rxd5 38. Re1 Ng3 39. h4 Kd6 40. Re3
Rd3 41. g6 Ke7 42. Rxd3 exd3 43. g7 Kf7 44. Kb2 Kxg7 0-1

[Event "Titled Tue 20th May Early"]
[Site "chess.com INT"]
[Date "2025.05.20"]
[Round "1"]
[White "Molina, Roberto Junio Brito"]
[Black "Clarke, Connor"]
[Result "1-0"]
[WhiteTitle "IM"]
[WhiteElo "2381"]
[BlackElo "2073"]
[WhiteFideId "2109450"]
[BlackFideId "457655"]
[EventDate "2025.05.20"]

1. d4 d5 2. c4 e6 3. Nc3 c6 4. e3 f5 5. Nf3 Nd7 6. Qc2 Nh6 7. Bd3 Bd6 8. Bd2 O-O
9. h3 a6 10. O-O-O b5 11. c5 Bc7 12. Kb1 a5 13. g4 b4 14. Na4 Ba6 15. Bxa6 Rxa6
16. g5 Nf7 17. h4 e5 18. Qxf5 Nxg5 19. Qd3 Nxf3 20. Qxa6 exd4 21. Qxc6 Nde5 22.
Qe6+ Kh8 23. exd4 Nxd4 24. Qh3 Nc4 25. Be3 Nf5 26. Rhe1 Nfxe3 27. fxe3 Be5 28.
Qg4 Qf6 29. Re2 Qc6 30. b3 Na3+ 31. Kc1 Bd6 32. Kd2 Bxc5 33. Rc1 Bxe3+ 34. Rxe3
Qf6 35. Re2 Nb5 36. Rg1 Nc3 37. Nb2 Ne4+ 38. Ke3 Qc3+ 39. Nd3 d4+ 40. Kxe4 Re8+
41. Kf3 Rf8+ 42. Kg2 Qc7 43. Kh3 Qf7 44. Rg3 Qg8 45. Reg2 Rf7 46. Nf4 h5 47.
Qxh5+ Qh7 48. Ng6+ Kg8 49. Qxh7+ Kxh7 50. Ne5 Re7 51. Nd3 Re3 52. Rxe3 dxe3 1-0

[Event "Titled Tue 20th May Early"]
[Site "chess.com INT"]
[Date "2025.05.20"]
[Round "1"]
[White "Le, Minh Tu"]
[Black "Sturt, Raven"]
[Result "1-0"]
[WhiteTitle "FM"]
[BlackTitle "GM"]
[WhiteElo "1932"]
[BlackElo "2459"]
[WhiteFideId "12404888"]
[BlackFideId "2007304"]
[EventDate "2025.05.20"]

1. d4 Nf6 2. Bf4 e6 3. e3 b6 4. Nf3 Bb7 5. Bd3 Be7 6. h3 O-O 7. Nbd2 c5 8. c3
Nc6 9. O-O d5 10. Ne5 h6 11. Qf3 Kh8 12. Nxc6 Bxc6 13. Be5 Bd6 14. Qg3 Bxe5 15.
dxe5 Ne4 16. Bxe4 dxe4 17. Nc4 Qd3 18. Nd6 Qc2 19. Qf4 Kg8 20. Rab1 Rad8 21.
Rfc1 Qa4 22. a3 Rd7 23. c4 Rfd8 24. Nxe4 Bxe4 25. Qxe4 Rd2 26. Qf3 Qb3 27. g4
Qd3 28. h4 Qg6 29. Rd1 h5 30. g5 Qc2 31. Rdc1 Qd3 32. Kg2 Rd7 33. b4 cxb4 34.
axb4 a5 35. c5 bxc5 36. bxc5 a4 37. c6 Rc7 38. Rb8+ Qd8 39. Rxd8+ Rxd8 40. Qe4
Ra8 41. Ra1 a3 42. Ra2 Ra5 43. Qc4 Rxe5 44. Rxa3 Kh7 45. Ra8 Rd5 46. Qe4+ Rf5
47. Qd3 1-0

[Event "Titled Tue 20th May Early"]
[Site "chess.com INT"]
[Date "2025.05.20"]
[Round "1"]
[White "Bulajic, Ratko"]
[Black "Piliposyan, Robert"]
[Result "0-1"]
[WhiteTitle "FM"]
[BlackTitle "IM"]
[WhiteElo "1988"]
[BlackElo "2416"]
[WhiteFideId "907227"]
[BlackFideId "13309978"]
[EventDate "2025.05.20"]

1. d4 Nf6 2. Nf3 b6 3. c4 Bb7 4. Nc3 g6 5. d5 Bg7 6. e4 O-O 7. Bd3 Na6 8. O-O
Nc5 9. Bc2 a5 10. Re1 d6 11. a3 e5 12. Rb1 Nh5 13. b4 axb4 14. axb4 Na6 15. g3
Bc8 16. Nd2 Bh6 17. Bd3 Ng7 18. Ra1 Bh3 19. Qb3 f5 20. c5 Nxc5 21. Rxa8 Nxb3 22.
Rxd8 Nxd2 23. Rxf8+ Kxf8 24. Kh1 Nf3 25. Rd1 Bxc1 26. Rxc1 Ne8 27. Nb5 fxe4 28.
Bxe4 Nd2 29. f3 Nf6 30. Rxc7 Nfxe4 31. fxe4 Nxe4 32. Rxh7 Bf1 33. Nc7 Bc4 34.
Kg2 Nf6 35. Rh8+ Ke7 36. Rb8 Kd7 37. Rxb6 Bb3 38. Nb5 Bxd5+ 39. Kg1 Ne4 40. Rb8
Ng5 41. Nc3 Bc4 42. b5 d5 43. b6 Kc6 44. Na4 Ne6 45. Re8 Nd4 46. Rxe5 Nf3+ 47.
Kf2 Nxe5 48. Ke3 Nd7 0-1

[Event "Titled Tue 20th May Early"]
[Site "chess.com INT"]
[Date "2025.05.20"]
[Round "1"]
[White "Vaganian, Rafael A"]
[Black "Ibarra Jerez, Jose Carlos"]
[Result "1-0"]
[WhiteTitle "GM"]
[BlackTitle "GM"]
[WhiteElo "2449"]
[BlackElo "2545"]
[WhiteFideId "13300016"]
[BlackFideId "2226332"]
[EventDate "2025.05.20"]

1. d4 Nf6 2. Nf3 g6 3. g3 d6 4. Bg2 Bg7 5. c4 Bf5 6. Nc3 Ne4 7. Nh4 Nxc3 8. bxc3
Bc8 9. O-O O-O 10. e4 c5 11. Be3 Nc6 12. Qd2 Na5 13. Qd3 b6 14. Nf3 Ba6 15. Nd2
Qd7 16. a4 Rac8 17. d5 e6 18. Rfe1 Rfe8 19. Bh3 Rcd8 20. Red1 Qe7 21. Bf4 exd5
22. exd5 Qe2 23. Bf1 Qxd3 24. Bxd3 Bxc3 25. Rac1 Bxd2 26. Bxd2 Nb3 27. Rb1 Nxd2
28. Rxd2 Re5 29. a5 b5 30. cxb5 Rxd5 31. Rdd1 Bb7 32. a6 Ba8 33. b6 axb6 34.
Rxb6 Re8 35. Kf1 c4 36. Be2 Rxd1+ 37. Bxd1 Kg7 38. Ba4 Re5 39. Bb5 c3 40. Bd3
Rd5 41. Ke2 Re5+ 42. Kd1 d5 43. Rb8 Bc6 44. Rc8 Ba4+ 45. Bc2 Bxc2+ 46. Kxc2 Re7
47. Kxc3 Ra7 48. Rc6 Kh6 49. Kd4 Rd7 50. Rb6 Kg5 51. Rb7 Rd6 52. a7 Ra6 53. Kxd5
f5 54. Kc5 h5 55. Kb5 Ra1 56. Kb6 Kg4 57. Rg7 g5 58. Kb7 Rb1+ 59. Kc8 Rc1+ 60.
Kb8 Rb1+ 61. Rb7 Ra1 62. a8=Q Rxa8+ 63. Kxa8 Kh3 64. Rb5 Kxh2 65. Rxf5 h4 66.
Rxg5 h3 67. Rh5 Kg2 68. g4 1-0

[Event "Titled Tue 20th May Early"]
[Site "chess.com INT"]
[Date "2025.05.20"]
[Round "1"]
[White "Dambaev, Dashi"]
[Black "Principe, Gerson"]
[Result "0-1"]
[WhiteTitle "CM"]
[BlackTitle "FM"]
[WhiteElo "2211"]
[BlackElo "2176"]
[WhiteFideId "55628494"]
[BlackFideId "3804550"]
[EventDate "2025.05.20"]

1. e4 c5 2. Nf3 e6 3. c3 Nf6 4. e5 Nd5 5. d4 cxd4 6. cxd4 d6 7. Bc4 Nb6 8. Bd3
d5 9. Nc3 Be7 10. O-O a6 11. Re1 Nc6 12. Be3 Bd7 13. Rc1 Rc8 14. Ne2 Nb4 15. Bb1
Nc4 16. Ng3 h5 17. b3 Na3 18. Rxc8 Bxc8 19. Bd3 h4 20. Ne2 Nxd3 21. Qxd3 Bd7 22.
h3 Bb4 23. Rc1 Bb5 24. Qd1 Be7 25. Nc3 Bc6 26. Qd2 Nb5 27. Nxb5 Bxb5 28. a4 Bc6
29. Bg5 Rh5 30. Bxe7 Qxe7 31. Qe3 Kd7 32. Qc3 Rh8 33. Qc5 Qxc5 34. Rxc5 f6 35.
Kf1 Ke7 36. Ke1 Rh5 37. Rc3 Kd7 38. Kd2 a5 39. Rc5 b6 40. Rc3 Bb7 41. Ke3 Ba6
42. Kf4 Be2 43. Ng1 Ba6 44. Nf3 Bf1 45. Ne1 Ba6 46. Kg4 Rh8 47. Kf4 Rf8 48. Nf3
Bf1 0-1

[Event "Titled Tue 20th May Early"]
[Site "chess.com INT"]
[Date "2025.05.20"]
[Round "1"]
[White "Rustamov, Rustam"]
[Black "Garcia Gracia, Victor Hugo"]
[Result "1-0"]
[WhiteTitle "FM"]
[BlackTitle "CM"]
[WhiteElo "2323"]
[BlackElo "2206"]
[WhiteFideId "13440110"]
[BlackFideId "22295755"]
[EventDate "2025.05.20"]

1. e4 e6 2. d4 d5 3. Nc3 Nf6 4. Bg5 Be7 5. e5 Nfd7 6. h4 h6 7. Bxe7 Qxe7 8. Qg4
O-O 9. O-O-O c5 10. f4 Nc6 11. Nf3 cxd4 12. Nb5 f6 13. Nfxd4 fxe5 14. Qxe6+ Qxe6
15. Nxe6 Rf6 16. Nec7 Rb8 17. Nxd5 Rf8 18. Bc4 Kh8 19. Rhf1 exf4 20. Nxf4 Nde5
21. Bb3 Bg4 22. Rde1 Rbc8 23. Nd6 Rc7 24. Nd5 Rxf1 25. Rxf1 Rd7 26. Ne4 Nd4 27.
Ndc3 Nxb3+ 28. axb3 b6 29. Re1 Nc6 30. Nf2 Bf5 31. g4 Bg6 32. h5 Bf7 33. Nfe4
Re7 34. Rd1 Kh7 35. Rg1 Ne5 36. Nf2 Nf3 37. Rd1 Re1 38. Rxe1 Nxe1 39. Kd2 Nf3+
40. Ke3 Ne5 41. Ne2 Be6 42. Kf4 Nc6 43. Ne4 g5+ 44. hxg6+ Kxg6 45. N4g3 Ne7 46.
Nd4 Nd5+ 47. Ke5 Bg8 48. Ngf5 Nc7 49. Nf3 Bf7 50. b4 Be6 51. Kd6 Bd5 52. Ne7+ 1-0

[Event "Titled Tue 20th May Early"]
[Site "chess.com INT"]
[Date "2025.05.20"]
[Round "1"]
[White "Adithya A Chullikkad"]
[Black "Iskusnyh, Sergei"]
[Result "0-1"]
[WhiteTitle "CM"]
[BlackTitle "GM"]
[WhiteElo "2214"]
[BlackElo "2440"]
[WhiteFideId "45078734"]
[BlackFideId "4120027"]
[EventDate "2025.05.20"]

1. d4 d5 2. c4 c6 3. cxd5 cxd5 4. Nc3 Nf6 5. Nf3 Nc6 6. g3 Bf5 7. Bg2 e6 8. O-O
Be7 9. a3 O-O 10. Nh4 Bg4 11. h3 Bh5 12. Nf3 h6 13. Bf4 Rc8 14. Rc1 Na5 15. Qa4
Nc4 16. Qxa7 Nxb2 17. Qxb7 Nc4 18. a4 Ba3 19. Rc2 Bg6 20. Ra2 Re8 21. Nb5 Na5
22. Qa7 Ra8 23. Qc7 Bb4 24. Qxd8 Rexd8 25. Rb1 Bxb1 26. Rb2 Be4 27. Rxb4 Nc6 28.
Rb2 Rxa4 29. Nc3 Rc4 30. Nb5 Bxf3 31. Bxf3 Nxd4 32. Nxd4 Rxd4 33. Be5 Rc4 34.
Kg2 Ne4 35. Rb7 f6 36. Bc7 Rd7 37. Rb8+ Kh7 38. Ba5 Ng5 39. Bh5 g6 40. Bg4 f5
41. Bf3 Nxf3 42. exf3 g5 43. h4 d4 44. h5 d3 45. Bd2 Rc2 46. Be3 d2 0-1

[Event "Titled Tue 20th May Early"]
[Site "chess.com INT"]
[Date "2025.05.20"]
[Round "1"]
[White "Turcsanyi, Vince Gergo"]
[Black "Gasparyan, Erik R."]
[Result "0-1"]
[WhiteTitle "FM"]
[BlackTitle "IM"]
[WhiteElo "2321"]
[BlackElo "2372"]
[WhiteFideId "791784"]
[BlackFideId "13315730"]
[EventDate "2025.05.20"]

1. e4 c6 2. d4 d5 3. Nc3 dxe4 4. Nxe4 Nf6 5. Nxf6+ exf6 6. Nf3 Bd6 7. Be2 O-O 8.
O-O Qc7 9. c4 Re8 10. Be3 Nd7 11. Qd2 Nf8 12. Rfe1 Ng6 13. Rad1 Bd7 14. b4 Rad8
15. Qc3 Nf4 16. Bf1 Bg4 17. Bc1 Ne6 18. Bb2 Bxf3 19. gxf3 Bxh2+ 20. Kh1 Bd6 21.
d5 cxd5 22. cxd5 Qxc3 23. Bxc3 Nf4 24. Rxe8+ Rxe8 25. a3 h5 26. Bd4 a6 27. Bc5
Rd8 28. Bc4 g5 29. Re1 Kg7 30. Bxd6 Rxd6 31. Re7 b5 32. Bb3 Nxd5 33. Ra7 h4 34.
Kh2 Nf4 35. Bxf7 Rd2 36. Bb3+ Kg6 37. Rxa6 Rxf2+ 38. Kg1 Rxf3 39. Bc2+ Kf7 40.
Ra7+ Ke6 41. Rb7 Rxa3 42. Rb6+ Ke7 43. Bf5 Rb3 44. Rxb5 Kd6 45. Rb6+ Ke5 46. Bh7
h3 47. Bg8 Rb2 48. Rb8 g4 49. b5 g3 50. Re8+ Kd6 51. Rd8+ Ke7 52. Rd4 Ne2+ 53.
Kh1 g2+ 54. Kh2 g1=Q+ 55. Kxh3 Qg3# 0-1

[Event "Titled Tue 20th May Early"]
[Site "chess.com INT"]
[Date "2025.05.20"]
[Round "1"]
[White "Tulendinov, Dinmukhammed"]
[Black "Gholami Orimi, Mahdi"]
[Result "0-1"]
[WhiteTitle "FM"]
[BlackTitle "GM"]
[WhiteElo "2124"]
[BlackElo "2511"]
[WhiteFideId "13730860"]
[BlackFideId "12558486"]
[EventDate "2025.05.20"]

1. e4 c5 2. Nc3 Nc6 3. Bb5 Nd4 4. Bc4 g6 5. Nge2 Bg7 6. O-O e6 7. Nxd4 cxd4 8.
Nb5 d6 9. c3 Nf6 10. Re1 dxc3 11. dxc3 Ke7 12. e5 dxe5 13. Be3 Qxd1 14. Bc5+ Kd8
15. Raxd1+ Nd7 16. Bd6 a6 17. Nc7 Ra7 18. Bxe6 fxe6 19. Nxe6+ Ke8 20. Nxg7+ Kf7
21. f4 Kxg7 22. fxe5 Re8 23. e6 Nf6 24. e7 b5 25. Rf1 Bf5 26. h3 h5 27. Rde1 Rd7
28. Bc5 Kh7 29. Bd4 Ng8 30. g4 hxg4 31. hxg4 Bxg4 32. Rf7+ Kh6 33. Rf8 Rexe7 34.
Ref1 Be6 35. Kg2 g5 36. Rh1+ Kg6 37. Rh8 Bd5+ 38. Kf2 Rh7 39. Rhxg8+ Bxg8 40.
Rxg8+ Kf5 41. Rf8+ Kg4 42. Rf6 Rh2+ 43. Kg1 Rxb2 44. Rxa6 Re7 45. Kf1 Ree2 0-1